Central Library OPAC University of Rajshahi

Instructional design : (Record no. 61127)

MARC details
000 -LEADER
fixed length control field 00681nam a2200217 a 4500
001 - CONTROL NUMBER
control field 61127
003 - CONTROL NUMBER IDENTIFIER
rucl marc code BD-RjUL
005 - DATE AND TIME OF LATEST TRANSACTION
control field 20211209080926.0
008 - FIXED-LENGTH DATA ELEMENTS--GENERAL INFORMATION
fixed length control field 170115s1971 caua b 000 0 eng
035 ## - SYSTEM CONTROL NUMBER
System control number (BD-RjUL)61251
040 ## - CATALOGING SOURCE
Original cataloging agency DLC
Transcribing agency DLC
Modifying agency MYG
-- BD-RjUL
Language of cataloging eng
041 ## - LANGUAGE CODE
Language code of text/sound track or separate title eng
082 ## - DEWEY DECIMAL CLASSIFICATION NUMBER
Edition number 23
Classification number 375.001
Author mark and year KEI 1971
100 1# - MAIN ENTRY--PERSONAL NAME
Personal name Kemp, Jerrold E.
9 (RLIN) 182416
245 10 - TITLE STATEMENT
Title Instructional design :
Remainder of title a plan for unit and course development /
Statement of responsibility, etc. Jerrold E. Kemp.
260 ## - PUBLICATION, DISTRIBUTION, ETC. (IMPRINT)
Place of publication, distribution, etc. Belmont, Calif. :
Name of publisher, distributor, etc. Fearon Publishers,
Date of publication, distribution, etc. c1971.
300 ## - PHYSICAL DESCRIPTION
Pagination v, 130 p. :
Illustrations ill. ;
Size 21 cm.
500 ## - GENERAL NOTE
General note Includes bibliography.
650 #0 - SUBJECT ADDED ENTRY--TOPICAL TERM
Topical term or geographic name as entry element Curriculum planning
Geographic subdivision United States.
9 (RLIN) 182417
942 ## - ADDED ENTRY ELEMENTS (KOHA)
Source of classification or shelving scheme Dewey Decimal Classification
Koha item type Books
Holdings
Lost status Source of classification or shelving scheme Damaged status Not for loan Collection code Permanent Location Current Location Shelving location Date acquired Source of acquisition Total Checkouts Full call number Date last seen Copy number Koha item type
  Dewey Decimal Classification   Not For Loan Non-fiction Central Library, University of Rajshahi Central Library, University of Rajshahi Reading Room 11/02/1991 Canada   375.001 KEI 1971 15/01/2017 C-1 Books